00579nam a2200169Ia 4500003000900000008004100009040001600050080001600066100002400082245011700106260005800223300001500281490004200296650001300338650004100351650001700392IN-BaIIA211028s9999 xx 000 0 eng d cIIA Library a528.43bMAU aMauersberger, Peter 0aTheorie der elektromagnetischen feider (in German)c Peter Mauersberger  aBerlinbVeb Deutscher verlag Der Wissenschaftenc1964 axii, 248p. aGeomagnetismus und Aeronomie Band 1/1 aAeronomy aAstronomy and Astrophysics Thesaurus aGeomagnetism